Handbook of enzyme biotechnology
में बचाया:
| मुख्य लेखक: | |
|---|---|
| स्वरूप: | पुस्तक |
| भाषा: | अंग्रेज़ी |
| प्रकाशित: |
Londres
John Wiley
1975
|
| विषय: | |
| टैग: |
टैग जोड़ें
कोई टैग नहीं, इस रिकॉर्ड को टैग करने वाले पहले व्यक्ति बनें!
|
MARC
| LEADER | 00000nam a2200000 a 4500 | ||
|---|---|---|---|
| 001 | UCP1214 | ||
| 003 | CL-VaPUC | ||
| 008 | 990401e19750000UK |||||||||||||||||eng|d | ||
| 082 | 0 | 4 | |a 660.634 |b WIS |2 21 |
| 100 | 0 | |a Wiseman, Alan |e author |9 427148 | |
| 245 | 1 | 0 | |a Handbook of enzyme biotechnology |
| 300 | |a 275 p | ||
| 942 | |c BK | ||
| 945 | |d 19990401 00:00:00 |a aarredon | ||
| 260 | |a Londres |b John Wiley |c 1975 | ||
| 650 | 0 | |a Enzimas |9 262984 | |
| 650 | 0 | |a Biotecnología |9 259561 | |
| 650 | 7 | |a ENZIMOLOGIA |2 CL-VaPUC |9 263051 | |
| 650 | 0 | |a Bioquímica clínica |9 338522 | |
| 650 | 0 | |a Aplicación industrial |9 338523 | |
| 650 | 0 | |a Procesos industriales |9 334036 | |
| 583 | |a last modification |c 19990401 00:00:00 |k Rodrigo Vera | ||
| 999 | |c 279921 |d 279919 | ||
| 952 | |0 0 |1 0 |4 0 |6 660_634000000000000_WIS_1975 |7 0 |8 A |9 319842 |a BIBING |b BIBING |d 2019-11-20 |i 3277771 |o 660.634 WIS 1975 |p 3277771 |r 2025-01-20 |w 2019-11-20 |y BK |k EIB | ||